000 00622nam a2200193Ii 4500
003 JO-AjNU
008 230605s9999||||xx |||||||||||||| ||und||
040 _aJO-AjNU
_bara
_erda
_cJO-AjNU
041 _aara
050 1 4 _aPJ7816.A425 A16 1977
100 3 _aالبقري، احمد ماهر محمود,
_eauthor
_97075
245 0 0 _aصور من حياة
264 3 1 _aالاسكندرية: مؤسسة شباب الجامعة، 1975
300 _a171ص
336 _atext
_btxt
_2rdacontent
337 _aunmediated
_bn
_2rdamedia
338 _avolume
_bnc
_2rdacarrier
650 4 _aالقصص العربية - قرن 20
_97076
999 _aA95
_c3663
_d3663